| 000 | 01011cam a2200313 i 4500 | ||
|---|---|---|---|
| 999 |
_c200442336 _d60548 |
||
| 001 | 200442336 | ||
| 003 | TR-AnTOB | ||
| 005 | 20230823153554.0 | ||
| 007 | ta | ||
| 008 | 210728s1994 tu 000 0 tur d | ||
| 040 |
_aTR-AnTOB _beng _erda _cTR-AnTOB _dTR-AnTOB |
||
| 041 | 0 | _atur | |
| 050 | 0 | 0 |
_aHG8051 _b.Ü53 1994 |
| 090 |
_aTOBBK HG8051 _b.Ü53 1994 |
||
| 100 | 1 |
_aÜnal, Targan _eauthor _9131918 |
|
| 245 | 1 | 0 |
_aSigorta sektörünün ekonomik işlevleri ve fon yaratma kapasitesi / _cTargan Ünal |
| 264 | 1 |
_aİstanbul : _bİstanbul Ticaret Odası, _c1994. |
|
| 300 |
_a91 pages : _btables ; _c24 cm |
||
| 336 |
_atext _btxt _2rdacontent |
||
| 337 |
_aunmediated _bn _2rdamedia |
||
| 338 |
_avolume _bnc _2rdacarrier |
||
| 440 | _aİstanbul Ticaret Odası Yayın No:1994-04 | ||
| 490 | 0 |
_aİstanbul Ticaret Odası Yayın No : _v1994-04 |
|
| 504 | _aBIB | ||
| 650 | 7 |
_aSigorta _zTürkiye _2etuturkob _9135778 |
|
| 942 |
_2z _cBK |
||